11-Letter Movies Slideshow Quiz Stats

 Plays Quiz Updated Mar 21, 2019

Score 0/20 Timer 08:00
2 Plays Today
% Correct
Finding Nemo
96.2%
Forrest Gump
94.1%
Ratatouille
93.7%
Monsters, Inc.
93.3%
Mary Poppins
92.4%
Beetlejuice
92%
Pulp Fiction
87.5%
Bridesmaids
84.3%
Three Amigos
75.6%
Poltergeist
74%
% Correct
Blade Runner
65.8%
Moulin Rouge!
62.8%
Citizen Kane
58.9%
Black Beauty
57.4%
Unbreakable
52.8%
Working Girl
43%
Mystic River
40.1%
Deliverance
38.1%
Thunderball
30.1%
Dragonheart
28.5%

You're not logged in!

Compare scores with friends on all Sporcle quizzes.
OR
Log In

Sporcle TV

Today on Sporcle TV


Watch our educational content, quiz creation guides, and fun videos on Sporcle TV.

Show Comments

Extras

Top Quizzes Today


Score Distribution

Your Account Isn't Verified!

In order to create a playlist on Sporcle, you need to verify the email address you used during registration. Go to your Sporcle Settings to finish the process.

Report this User

Report this user for behavior that violates our Community Guidelines.

Details: